A focus for building surveying research, held at the University of Salford on 7 December 1994. (Record no. 94519)
[ view plain ]
| 000 -LEADER | |
|---|---|
| fixed length control field | 01959cam a2200325 4500 |
| 008 - FIXED-LENGTH DATA ELEMENTS--GENERAL INFORMATION | |
| fixed length control field | 090401t1995 xxu||||| |||| 00| 0 eng d |
| 020 ## - INTERNATIONAL STANDARD BOOK NUMBER | |
| International Standard Book Number | 0854067221 |
| 035 ## - SYSTEM CONTROL NUMBER | |
| System control number | (Sirsi) u63278 |
| 041 ## - LANGUAGE CODE | |
| Language code of text/sound track or separate title | eng |
| 050 ## - LIBRARY OF CONGRESS CALL NUMBER | |
| Classification number | 690.072 |
| 090 ## - LOCALLY ASSIGNED LC-TYPE CALL NUMBER (OCLC); LOCAL CALL NUMBER (RLIN) | |
| Classification number (OCLC) (R) ; Classification number, CALL (RLIN) (NR) | RICS 1995/97ABCD |
| 110 ## - MAIN ENTRY--CORPORATE NAME | |
| Corporate name or jurisdiction name as entry element | Royal Institution of Chartered Surveyors |
| 9 (RLIN) | 4900 |
| 245 #2 - TITLE STATEMENT | |
| Title | A focus for building surveying research, held at the University of Salford on 7 December 1994. |
| 260 ## - PUBLICATION, DISTRIBUTION, ETC. | |
| Place of publication, distribution, etc. | London |
| Name of publisher, distributor, etc. | RICS |
| Date of publication, distribution, etc. | 1995 |
| 300 ## - PHYSICAL DESCRIPTION | |
| Extent | 152p. : ill. ; 30cm. |
| 350 ## - PRICE (NR) (BK AM CF MU VM SE) [OBSOLETE] | |
| Price | 9.95 |
| 520 ## - SUMMARY, ETC. | |
| Summary, etc. | Contents: The measurement and prediction of moisture effects within buildings. - GALBRAITH, G. / Diagnosis of rising damp and specification of remedial damp-roofing treatments. - HOWELL, J. / ISIS: the application of evolving information technologies to building surveys. - WORDSWORTH, P. / Post occupancy evaluation: a pragmatic framework for building surveyors. - RILEY, M. / After the Big Bang. - PAXTON, D. / The prediction of building component lifespans: a case study of university/industry collaboration. - MOSS, G. / Facilities management case studies in UK, Europe and North America. - LAWRENCE, D. / Facilities management. - BENNETT, S. / Green buildings: conceptual understanding and practice in the built environment. - COOK, S. / Prioritising major items of maintenance in large organisations. - SPEDDING, A. / Affluence and the ecological footprint of dwelling. -GOLTON, B. / City villages - defining the parameters. - DICKINSON, E. / Personal profiling as a technique for continuing |
| 650 ## - SUBJECT ADDED ENTRY--TOPICAL TERM | |
| Topical term or geographic name entry element | BOMB DAMAGE |
| 650 ## - SUBJECT ADDED ENTRY--TOPICAL TERM | |
| Topical term or geographic name entry element | BUILT ENVIRONMENT-BUILDING INSPECTION |
| 650 ## - SUBJECT ADDED ENTRY--TOPICAL TERM | |
| Topical term or geographic name entry element | CONDENSATION |
| 650 ## - SUBJECT ADDED ENTRY--TOPICAL TERM | |
| Topical term or geographic name entry element | CONTINUING PROFESSIONAL DEVELOPMENT |
| 650 ## - SUBJECT ADDED ENTRY--TOPICAL TERM | |
| Topical term or geographic name entry element | CPD |
| 650 ## - SUBJECT ADDED ENTRY--TOPICAL TERM | |
| Topical term or geographic name entry element | FACILITIES MANAGEMENT |
| 9 (RLIN) | 6240 |
| 650 ## - SUBJECT ADDED ENTRY--TOPICAL TERM | |
| Topical term or geographic name entry element | PLANNED MAINTENANCE |
| 650 ## - SUBJECT ADDED ENTRY--TOPICAL TERM | |
| Topical term or geographic name entry element | POST OCCUPANCY EVALUATION |
| 650 ## - SUBJECT ADDED ENTRY--TOPICAL TERM | |
| Topical term or geographic name entry element | URBAN VILLAGES |
| 690 ## - LOCAL SUBJECT ADDED ENTRY--TOPICAL TERM (OCLC, RLIN) | |
| Topical term or geographic name as entry element | BUILT ENVIRONMENT-BUILDING INSPECTION |
| 942 ## - ADDED ENTRY ELEMENTS (KOHA) | |
| Suppress in OPAC | 0 |
| 948 ## - LOCAL PROCESSING INFORMATION (OCLC); SERIES PART DESIGNATOR (RLIN) | |
| c (OCLC) | 04/03/1997 |
| Withdrawn status | Lost status | Source of classification or shelving scheme | Damaged status | Not for loan | Home library | Current library | Shelving location | Date acquired | Cost, normal purchase price | Total Checkouts | Full call number | Barcode | Date last seen | Copy number | Cost, replacement price | Price effective from | Koha item type | Date last checked out |
|---|---|---|---|---|---|---|---|---|---|---|---|---|---|---|---|---|---|---|
| Dewey Decimal Classification | London | London | RICS Boxes | 16/11/1995 | 9.95 | RICS 1995/97 | 30049224 | 06/08/2019 | 1 | 9.95 | 06/08/2019 | Archive | ||||||
| Dewey Decimal Classification | London | London | RICS Boxes | 16/11/1995 | 9.95 | RICS 1995/97 | 30049225 | 06/08/2019 | 2 | 9.95 | 06/08/2019 | Reference material | ||||||
| Dewey Decimal Classification | London | London | RICS Boxes | 16/11/1995 | 9.95 | 6 | RICS 1995/97 | 30049227 | 06/08/2019 | 4 | 9.95 | 06/08/2019 | Book | 18/01/2005 |